|
|
|
|
| LEADER |
01413nam a2200385 4500 |
| 001 |
000005761 |
| 003 |
1909 |
| 005 |
20120410160457.0 |
| 008 |
110822s2009 viesd |
| 020 |
|
|
|c 000đ
|
| 041 |
0 |
|
|a vie
|
| 082 |
|
|
|a 895.922
|b NG-T
|
| 100 |
0 |
|
|a Nguyễn Đình Thi
|
| 245 |
1 |
0 |
|a Nguyễn Đình Thi toàn tập
|b Trọn bộ bốn tập
|c Nguyễn Đình Thi ; Hà Minh Đức giới thiệu ; S.tầm tuyển chọn: Nguyễn Cừ, Nguyễn Anh Vũ
|n Tập 2
|p Tiểu thuyết, thơ
|
| 260 |
|
|
|a H.
|b Văn Học
|c 2009
|
| 300 |
|
|
|a 881 tr
|c 21 cm
|
| 653 |
|
|
|a Văn học hiện đại
|
| 653 |
|
|
|a Việt Nam
|
| 653 |
|
|
|a Tiểu thuyết
|
| 653 |
|
|
|a Thơ
|
| 700 |
|
|
|a Hà Minh Đức
|e giới thiệu
|
| 700 |
|
|
|a Nguyễn Cừ
|e s.tầm tuyển chọn
|
| 700 |
|
|
|a Nguyễn Anh Vũ
|e s.tầm tuyển chọn
|
| 773 |
|
|
|t Nguyễn Đình Thi toàn tập
|w 1906
|
| 910 |
|
|
|a Nguyễn Thị Kim Oanh
|d 22/08/2011
|
| OWN |
|
|
|a LSP
|
| AVA |
|
|
|a UDN50
|b LSP
|d 895.922 NG-T
|e available
|t Error 5001 Not defined in file expand_doc_bib_avail.
|f 2
|g 0
|h N
|i 0
|k 1
|
| 999 |
|
|
|a From the UDN01
|
| AVA |
|
|
|a UDN50
|b LSP
|d 895.922 NG-T
|e available
|t Error 5001 Not defined in file expand_doc_bib_avail.
|f 2
|g 0
|h N
|i 0
|k 1
|
| TYP |
|
|
|a Monograph
|
| TYP |
|
|
|a Printed language
|
| 980 |
|
|
|a Mạng thư viện Đại học Đà Nẵng
|